Sombras sobre Berlín / (Registro nro. 4501)
[ vista simple ]
| 000 -LEADER | |
|---|---|
| fixed length control field | 01046nam a2200289Ia 4500 |
| 003 - CONTROL NUMBER IDENTIFIER | |
| control field | OSt |
| 005 - DATE AND TIME OF LATEST TRANSACTION | |
| control field | 20250415154545.0 |
| 008 - FIXED-LENGTH DATA ELEMENTS--GENERAL INFORMATION | |
| fixed length control field | 191128s2010 ck er 000 f spa d |
| 020 ## - INTERNATIONAL STANDARD BOOK NUMBER | |
| International Standard Book Number | 9788466637497 |
| 040 ## - CATALOGING SOURCE | |
| Original cataloging agency | CO-JMCR |
| Transcribing agency | CO-JMCR |
| 041 ## - LANGUAGE CODE | |
| Language code of text/sound track or separate title | spa |
| 041 1# - LANGUAGE CODE | |
| Language code of text/sound track or separate title | spa |
| Language code of original | ger |
| 082 04 - DEWEY DECIMAL CLASSIFICATION NUMBER | |
| Classification number | A-N |
| Item number | KUTs |
| Edition number | 23 |
| 100 1# - MAIN ENTRY--PERSONAL NAME | |
| Personal name | Kutscher, Volker, |
| Relator term | autor |
| 9 (RLIN) | 7163 |
| 245 10 - TITLE STATEMENT | |
| Title | Sombras sobre Berlín / |
| Statement of responsibility, etc. | Volker Kutscher ; traducción de Susana Andrés |
| 250 ## - EDITION STATEMENT | |
| Edition statement | 1a. edición |
| 260 ## - PUBLICATION, DISTRIBUTION, ETC. | |
| Place of publication, distribution, etc. | Bogotá : |
| Name of publisher, distributor, etc. | Ediciones B, |
| Date of publication, distribution, etc. | 2010. |
| 300 ## - PHYSICAL DESCRIPTION | |
| Extent | 530 páginas ; |
| Dimensions | 23 cm. |
| 490 0# - SERIES STATEMENT | |
| Series statement | Grandes novelas |
| 500 ## - GENERAL NOTE | |
| General note | Incluye datos biográficos y foto del autor en solapa.<br/> |
| 520 ## - SUMMARY, ETC. | |
| Summary, etc. | Corre el año 1929 y berlín es una metrópoli rutilante, llena de bares y burdeles, en cuyos barrios obreros se urden revueltas y donde están a punto de ocurrir eventos que cambiarán la historia. |
| 534 ## - ORIGINAL VERSION NOTE | |
| Introductory phrase | Der nase Fisch |
| 546 ## - LANGUAGE NOTE | |
| Language note | Traducido del alemán. |
| 650 04 - SUBJECT ADDED ENTRY--TOPICAL TERM | |
| Topical term or geographic name entry element | Novela inglesa |
| 9 (RLIN) | 193 |
| 700 1# - ADDED ENTRY--PERSONAL NAME | |
| Personal name | Andrés, Susana, |
| Relator term | traductora |
| 9 (RLIN) | 990 |
| 942 ## - ADDED ENTRY ELEMENTS (KOHA) | |
| Source of classification or shelving scheme | Dewey Decimal Classification |
| Koha item type | Books |
| Withdrawn status | Lost status | Source of classification or shelving scheme | Damaged status | Not for loan | Collection code | Home library | Current library | Date acquired | Source of acquisition | Total Checkouts | Full call number | Barcode | Date last seen | Date last checked out | Copy number | Koha item type |
|---|---|---|---|---|---|---|---|---|---|---|---|---|---|---|---|---|
| Dewey Decimal Classification | Fiction | Biblioteca Pública José María del Castillo y Rada | Biblioteca Pública José María del Castillo y Rada | 11/28/2019 | Donación | 5 | A-N KUTs | 201809366 | 03/05/2024 | 03/04/2024 | Ej.1 | Books |